|
|
|
|
| LEADER |
01466nam a22003614a 4500 |
| 001 |
37109 |
| 003 |
BD-DhAAL |
| 005 |
20241222180049.0 |
| 008 |
200223t2003 nyuab b 001 0 eng d |
| 010 |
|
|
|a 2002034642
|
| 020 |
|
|
|a 0691090394 (alk. paper)
|
| 020 |
|
|
|a 9780691090399
|
| 040 |
|
|
|a DLC
|c DLC
|d DLC
|d BD-DhAAL
|
| 042 |
|
|
|a pcc
|
| 050 |
0 |
0 |
|a HB144
|b .C364 2003
|
| 082 |
0 |
0 |
|a 330.015193
|2 21
|
| 100 |
1 |
|
|a Camerer, Colin F.,
|d 1959-
|9 39478
|
| 245 |
1 |
0 |
|a Behavioral game theory :
|b experiments in strategic interaction /
|c Colin F. Camerer.
|
| 260 |
|
|
|a New York, N.Y. :
|b Russell Sage Foundation ;
|a Princeton, N.J. :
|b Princeton University Press,
|c c2003.
|
| 300 |
|
|
|a xv, 550 pages :
|b illustrations, 1 map ;
|c 24 cm.
|
| 440 |
|
4 |
|a The roundtable series in behavioral economics
|9 39479
|
| 504 |
|
|
|a Includes bibliographical references (pages 497-533) and index.
|
| 526 |
|
|
|a BIGD
|
| 541 |
|
|
|a Amazon
|e 37109
|
| 650 |
|
0 |
|a Economics, Mathematical.
|
| 650 |
|
0 |
|a Game theory.
|
| 650 |
|
0 |
|a Statistical decision.
|9 39481
|
| 650 |
|
0 |
|a Negotiation
|x Mathematical models.
|9 39482
|
| 650 |
|
0 |
|a Decision making.
|9 39483
|
| 852 |
|
|
|a BRAC Institute of Governance and Development
|c General Stacks
|
| 942 |
|
|
|2 ddc
|c BK
|
| 999 |
|
|
|c 42242
|d 42242
|
| 952 |
|
|
|0 0
|1 0
|2 ddc
|4 0
|6 330_015193000000000_CAM
|7 0
|9 67990
|a IGS
|b IGS
|c GEN
|d 2020-02-23
|e Amazon
|g 8945.24
|l 0
|o 330.015193 CAM
|p 3010037109
|r 2020-02-23
|t 1
|v 8945.24
|w 2020-02-23
|y BK
|x This property belongs to Ayesha Abed Library
|